Responses for Show #5979 - Thursday, September 16, 2010

Roger Craig game 4.

Contestants

[<< previous game]

Ruth Anne Stevens-Klitz, a foreign service officer originally from Middleburg Heights, Ohio

Les Taub, a training and sportsmanship consultant from New York, New York

Roger Craig, a graduate student of computer science from Newark, Delaware (whose 3-day cash winnings total $138,401)

[next game >>]

Jeopardy! Round responses

THE 23rd PSALM
(Alex: This is according to the King James Bible.)
GOOD SPORTSMANSHIP
SILENCE
"V"
PUSH BY SAFIRE
MAKE IT RIGHT
(Jimmy: Out of wreckage in New Orleans, bringing a new & greener neighborhood to life.)
    $200 4
The Lord is my shepherd

Ruth Anne
    $200 9
the PGA tour

Ruth Anne
    $200 2
an auction

Roger
    $200 16
vaccines

Les
    $200 1
the Pulitzer

Roger
    $200 21
Brad Pitt

Les
    $400 5
still waters

Roger
    $400 10
softball

Ruth Anne
    $400 3
a library

Ruth Anne
    $400 17
a vagabond

Les
    $400 22
teflon

Roger
    $400 26
(Roger: What is emittance?)
[Initially ruled incorrect; reversed at the start of the Double Jeopardy! Round]

emission

RogerRuth Anne
    $600 11
rod & staff

Ruth Anne
    $600 6
hockey

Roger
    $1,500 13
a mute

Les
    $600 18
velvet

Roger
    $600 25
the Medal of Freedom

Les
    $600 28
glass

Roger
    $800 12
mine enemies

Les
    $800 7
Andy Roddick

Les
    $800 14
Amtrak

Les
    $800 19
vacillate

Roger
    $800 24
a smoking gun

Les
    $800 30
a pier

Les
    $1000 27
goodness & mercy

Les
    $1000 8
Joe Dumars

Les
    $1000 15
(Roger: Who are the Dominicans?)
(Les: Who are the Franciscans?)

the Trappists

RogerLes
Triple Stumper
    $1000 20
voir dire

Les
    $1000 23
Nixon & Khrushchev

Les
    $1000 29
a shotgun shack

Roger

Scores at the first commercial break (after clue 13):

Roger Les Ruth Anne
$1,400 $4,100 $1,800

Scores at the end of the Jeopardy! Round:

Roger Les Ruth Anne
$4,200 $9,900 $2,200

Double Jeopardy! Round responses

WORLD LEADERS
THE TREES WERE ANGRY THAT DAY, MY FRIENDS
BESTSELLERS
DOW JONES INDUSTRIAL AVERAGE COMPANIES
PHOTOGRAPHERS
SAY "CHI"s
    $400 2
Cyprus

Roger
    $400 20
The Wizard of Oz

Ruth Anne
    $400 7
The Nine

Les
    $400 1
Bank

Les
    $400 28
[The end-of-round signal sounds.]

Mathew Brady

Ruth Anne
    $400 23
chivalry

Roger
    $800 8
South Korea

Roger
    $800 16
Shrek

Ruth Anne
    $800 21
Heaven

Les
    $800 3
Walmart

Roger
    $800 11
Harlem

Roger
    $800 24
a chimney

Roger
    $1200 15
(Roger: What is Armania?)

Armenia

RogerRuth Anne
    $1200 17
The Two Towers

Ruth Anne
    $1200 22
(Roger: What is First Bite?)

Stake

Roger
Triple Stumper
    $1200 4
Disney

Ruth Anne
    $7,000 12
(Ansel) Adams

Roger
    $1200 25
Chief of Staff

Roger
    $1600 10
Bulgaria

Roger
    $1600 18
Poltergeist

Roger
    $1600 5
Pfizer

Roger
    $1600 13
(Roger: Who is Annie Leibowitz?)

Annie Leibovitz

RogerLes
    $1600 26
a chia

Ruth Anne
    $2000 9
Samoa

Triple Stumper
    $2000 19
(Mark) Wahlberg

Roger
    $7,000 6
Travelers

Roger
    $2000 14
National Geographic

Roger
    $2000 27
chicanery

Roger

Scores at the end of the Double Jeopardy! Round:

Roger Les Ruth Anne
$30,200 $13,100 $9,000
(lock game)

[wagering suggestions for these scores]

Final Jeopardy! Round responses

WORD AND PHRASE ORIGINS
Ruth AnneWhat is ASAP?
$4,200
LesWhat is ?
$5,100
RogerWhat is Express?
$1,800
post haste

Final scores:

Roger Les Ruth Anne
$28,400 $8,000 $4,800
4-day champion: $166,801 2nd place: $2,000 3rd place: $1,000

Game dynamics:

Coryat scores:

Roger Les Ruth Anne
$19,400 $12,200 $9,000
25 R
(including 2 DDs),
4 W
18 R
(including 1 DD),
1 W
13 R,
0 W

Combined Coryat: $40,600

[game clues] [game scores] [suggest correction]

Game tape date: 2010-07-27
The J! Archive is created by fans, for fans. Scraping, republication, monetization, and malicious use prohibited; this site may use cookies and collect identifying information. See terms. The Jeopardy! game show and all elements thereof, including but not limited to copyright and trademark thereto, are the property of Jeopardy Productions, Inc. and are protected under law. This website is not affiliated with, sponsored by, or operated by Jeopardy Productions, Inc. Join the discussion at JBoard.tv.